Départements du Grand Est (carte) - Statistiques

Statistiques générales
  • Ce quiz a été pris 9 747 fois
  • Le résultat moyen est 7 sur 10
Réponses sur la Carte
Les réponses sont colorées sur une échelle allant du rouge au vert en fonction du pourcentage des utilisateurs qui les ont devinées à leur premier essai. Vous pouvez retrouver ces pourcentages ci-dessous.
 
Statistiques - réponses
Départements % Correct
67 Bas-Rhin
89%
68 Haut-Rhin
89%
57 Moselle
86%
54 Meurthe-et-Moselle
79%
08 Ardennes
70%
51 Marne
70%
88 Vosges
69%
55 Meuse
67%
52 Haute-Marne
61%
10 Aube
58%
Aucun quiz correspondant
Distribution des résultats
% des personnes avec chaque résultat
Percentile par nombre de réponses
Votre historique - résultats
Vous n’avez pas pris ce quiz